<?xml version="1.0" encoding="UTF-8"?><?xml-stylesheet type="text/xsl" href="static/style.xsl"?><OAI-PMH xmlns="http://www.openarchives.org/OAI/2.0/" xmlns:xsi="http://www.w3.org/2001/XMLSchema-instance" xsi:schemaLocation="http://www.openarchives.org/OAI/2.0/ http://www.openarchives.org/OAI/2.0/OAI-PMH.xsd"><responseDate>2026-04-28T18:04:11Z</responseDate><request verb="GetRecord" identifier="oai:riubu.ubu.es:10259/8495" metadataPrefix="marc">https://riubu.ubu.es/oai/request</request><GetRecord><record><header><identifier>oai:riubu.ubu.es:10259/8495</identifier><datestamp>2024-01-27T01:05:21Z</datestamp><setSpec>com_10259_7570</setSpec><setSpec>com_10259_3989</setSpec><setSpec>com_10259.4_106</setSpec><setSpec>com_10259_2604</setSpec><setSpec>col_10259_8494</setSpec></header><metadata><record xmlns="http://www.loc.gov/MARC21/slim" xmlns:doc="http://www.lyncode.com/xoai" xmlns:xsi="http://www.w3.org/2001/XMLSchema-instance" xmlns:dcterms="http://purl.org/dc/terms/" xsi:schemaLocation="http://www.loc.gov/MARC21/slim http://www.loc.gov/standards/marcxml/schema/MARC21slim.xsd">
<leader>00925njm 22002777a 4500</leader>
<datafield tag="042" ind1=" " ind2=" ">
<subfield code="a">dc</subfield>
</datafield>
<datafield tag="720" ind1=" " ind2=" ">
<subfield code="a">Muelas Lobato, Roberto</subfield>
<subfield code="e">author</subfield>
</datafield>
<datafield tag="720" ind1=" " ind2=" ">
<subfield code="a">García Coll, Josep</subfield>
<subfield code="e">author</subfield>
</datafield>
<datafield tag="260" ind1=" " ind2=" ">
<subfield code="c">2022-06</subfield>
</datafield>
<datafield tag="520" ind1=" " ind2=" ">
<subfield code="a">La radicalización es una de las mayores problemáticas a nivel securitario y social. La lucha contra este fenómeno se ha llevado a cabo desde distintos enfoques, destacando el preventivo y el reactivo. No obstante, con la presentación por parte de la Comisión Europea de una revisión de la estrategia para combatir el extremismo violento y el reclutamiento en 2014, las políticas de intervención y desradicalización se han sumado a estas formas de lucha. Este cambio de prioridades se ha visto forzado por el número creciente de detenciones en los últimos años; el aumento del número de terroristas detenidos y los pocos pero impactantes casos de reincidencia han llevado a reforzar los modelos de intervención en su relación con la desvinculación y la desradicalización. Sin embargo, la literatura en castellano al respecto sigue prestando mayor atención a los procesos de radicalización y dejando de lado la desvinculación y la desradicalización. En consecuencia, esta obra pretende ofrecer una visión global de los procesos de radicalización y desradicalización mediante el análisis de las principales teorías que abordan ambos fenómenos, las herramientas para el diagnóstico y los aspectos aplicados en la prevención terciaria. Los capítulos que componen el libro dan a conocer los procesos de radicalización, las particularidades de este fenómeno en el contexto penitenciario y durante la libertad condicional, las herramientas destinadas a la evaluación del riesgo de radicalización, los procesos de desradicalización y desvinculación, los tipos de programas de salida e intervenciones y, finalmente, algunas claves sobre la gestión del personal y los recursos de formación existentes.</subfield>
</datafield>
<datafield tag="024" ind2=" " ind1="8">
<subfield code="a">978-84-1352-505-1</subfield>
</datafield>
<datafield tag="024" ind2=" " ind1="8">
<subfield code="a">http://hdl.handle.net/10259/8495</subfield>
</datafield>
<datafield tag="245" ind1="0" ind2="0">
<subfield code="a">La encrucijada entre la radicalización y la desradicalización: teorías, herramientas y aspectos aplicados</subfield>
</datafield>
</record></metadata></record></GetRecord></OAI-PMH>